| Tag |
First Indicator |
Second Indicator |
Subfields |
| LEADER |
00000cam a2200000Ia 4500 |
| 001 |
in00002007149 |
| 005 |
20220105141539.0 |
| 006 |
m d |
| 007 |
cr cnu---unuuu |
| 008 |
031218s2003 ncua sb s001 0 eng d |
| 020 |
|
|
|a 0807862371 (electronic bk.)
|
| 035 |
|
|
|a (OCoLC)ocm53929242
|
| 040 |
|
|
|a N$T
|c N$T
|d OCLCQ
|d UtOrBLW
|
| 043 |
|
|
|a n-us-md
|
| 049 |
|
|
|a IKMN
|
| 050 |
1 |
4 |
|a HD8079.B2
|b D87 2003eb
|
| 082 |
0 |
4 |
|a 306.2/086/2307526
|2 22
|
| 100 |
1 |
|
|a Durr, Kenneth D.
|0 http://id.loc.gov/authorities/names/no97009525
|
| 245 |
1 |
0 |
|a Behind the backlash :
|b white working-class politics in Baltimore, 1940-1980 /
|c Kenneth D. Durr.
|
| 264 |
|
1 |
|a Chapel Hill :
|b University of North Carolina Press,
|c [2003]
|
| 264 |
|
4 |
|c ©2003
|
| 300 |
|
|
|a x, 284 pages :
|b illustrations ;
|c 24 cm.
|
| 336 |
|
|
|a text
|b txt
|2 rdacontent
|
| 337 |
|
|
|a computer
|b c
|2 rdamedia
|
| 338 |
|
|
|a online resource
|b cr
|2 rdacarrier
|
| 504 |
|
|
|a Includes bibliographical references and index.
|
| 505 |
0 |
|
|a A contentious coalition -- Reds and blue bloods -- You make your own heaven -- The right to live in the manner we choose -- Spiro Agnew country -- The not-so-silent majority -- Making the Reagan democrat.
|
| 533 |
|
|
|a Electronic reproduction.
|b Boulder, Colo. :
|c NetLibrary,
|d 2003.
|n Available via World Wide Web.
|n Access may be limited to NetLibrary affiliated libraries.
|
| 500 |
|
|
|a Electronic resource.
|
| 650 |
|
0 |
|a Working class whites
|x Political activity
|z Maryland
|z Baltimore.
|
| 650 |
|
0 |
|a Working class whites
|z Maryland
|z Baltimore
|x Attitudes.
|
| 651 |
|
0 |
|a Baltimore (Md.)
|x Race relations.
|
| 655 |
|
7 |
|a Electronic books.
|2 local
|
| 710 |
2 |
|
|a NetLibrary, Inc.
|0 http://id.loc.gov/authorities/names/no99080690
|
| 776 |
1 |
|
|c Original
|z 0807827649
|z 0807854336
|w (DLC) 2002006744
|w (OCoLC)49773674
|
| 856 |
4 |
1 |
|u https://proxy.library.tamu.edu/login?url=http://www.netLibrary.com/urlapi.asp?action=summary&v=1&bookid=101702
|z Connect to the full text of this electronic book
|t 0
|
| 994 |
|
|
|a 92
|b IKM
|
| 999 |
|
|
|a MARS
|
| 999 |
f |
f |
|s c10224a1-0d72-3257-ae23-1dd42027e141
|i ae0b0eaa-14cf-36a3-baed-dd262897a15e
|t 0
|
| 952 |
f |
f |
|a Texas A&M University
|b College Station
|c Electronic Resources
|d Available Online
|t 0
|e HD8079.B2 D87 2003eb
|h Library of Congress classification
|
| 998 |
f |
f |
|a HD8079.B2 D87 2003eb
|t 0
|l Available Online
|